Los secretos del mar : viajes : tomo 1 /
Volumen primero de la obra Los secretos del mar en 28 volúmenes que se intitula Viajes que trata en general de la oceanografía. En este ejemplar se aborda el buceo de investigación y la exploración submarina, el Calypso, un submarino de investigación oceanográfica, las escafandras autónomas para buz...
Furkejuvvon:
| Váldodahkki: | |
|---|---|
| Eará dahkkit: | , |
| Materiálatiipa: | Girji |
| Giella: | espánnjágiella |
| Almmustuhtton: |
Barcelona, España :
Urbión,
1982, c1982
|
| Fáttát: | |
| Fáddágilkorat: |
Eai fáddágilkorat, Lasit vuosttaš fáddágilkora!
|
MARC
| LEADER | 00000nam^a2200000^a^4500 | ||
|---|---|---|---|
| 001 | 000186980 | ||
| 005 | 20250521000000.0 | ||
| 009 | 20260310102244.095 | ||
| 020 | |a 84-7523-215-9 | ||
| 037 | |a Acervo ITESO - Biblioteca | ||
| 041 | |a ESP | ||
| 082 | |a 551. 46003 |b COU V. 1 | ||
| 100 | |a Cousteau, Jacques-Yves |e (autor) | ||
| 240 | 1 | 5 | |a [Los secretos del mar] |
| 245 | 1 | 4 | |a Los secretos del mar : |b viajes : tomo 1 / |c J.Y. Cousteau ; tr. por V.M. Fernández Hernández, M. Aymerich. |
| 264 | 4 | |a Barcelona, España : |b Urbión, |c 1982, c1982 | |
| 300 | |a 112 p. | ||
| 336 | |a texto |b txt |2 rdacontenido | ||
| 337 | |a sin mediación |b n |2 rdamedio | ||
| 338 | |a volumen |b nc |2 rdasoporte | ||
| 520 | |a Volumen primero de la obra Los secretos del mar en 28 volúmenes que se intitula Viajes que trata en general de la oceanografía. En este ejemplar se aborda el buceo de investigación y la exploración submarina, el Calypso, un submarino de investigación oceanográfica, las escafandras autónomas para buzos, la fauna marina y en general equipos para exploración submarina. | ||
| 649 | |a XX | ||
| 650 | |a Escafandras | ||
| 650 | |a Buceo | ||
| 650 | |a Submarinos | ||
| 650 | |a Exploración Submarina - |x Tema Principal | ||
| 650 | |a Fauna Marina | ||
| 650 | |a Mar - |x Fondo | ||
| 650 | |a Mar | ||
| 650 | |a Oceanografía - |x Enciclopedias y Diccionarios - |x Tema Principal | ||
| 650 | |a Ciencias de la Tierra | ||
| 650 | |a Enciclopedias y Diccionarios | ||
| 700 | |a Fernández Hernández, Vicente Manuel |e (traducción) | ||
| 700 | |a Aymerich, Miguel |e (traducción) | ||
| 910 | |a Fondo General | ||
| 920 | |a Impresos - Libros | ||
| 930 | |a Obras de Referencia | ||
| 905 | |a 102 | ||
| 901 | |a 0500129056 |b IT2 |c REF |u 20250521 | ||
| 902 | |a https://opac.biblio.iteso.mx/vufind/Record/000186980 | ||